Curriculum vitae del doctor Emilio Antonio Núñez Castañeda (Registro nro. 63561)
[ vista simple ]
| 000 -LÍDER | |
|---|---|
| Campo fijo de descripción fija | 02011cab a2200241 i 4500 |
| 001 - NÚMERO DE CONTROL | |
| Campo de control | 768714001 |
| 003 - IDENTIFICADOR DEL NÚMERO DE CONTROL | |
| Campo de control | CO-MdFUSB |
| 005 - FECHA Y HORA DE LA ULTIMA TRANSACCIÓN | |
| control field | 20230403153119.0 |
| 008 - ELEMENTOS DE LONGITUD FIJA -- INFORMACIÓN GENERAL | |
| Campo fijo de descripción fija -- Información general | 211215b ck ||||| |||| 00| 0 spa d |
| 022 ## - NÚMERO INTERNACIONAL NORMALIZADO PARA PUBLICACIONES SERIADAS | |
| Número Internacional Normalizado para Publicaciones Seriadas | 1014-9341 |
| 040 ## - FUENTE DE CATALOGACIÓN | |
| Idioma de catalogación | spa |
| Agencia Catalogadora | CO-MdFUSB |
| Agencia que realiza la transcripción | CO-MdFUSB |
| Agencia que realiza la modificación | CO-MdFUSB |
| 041 ## - CÓDIGO DE IDIOMA | |
| Código de idioma para texto/pista de sonido o título separado | spa |
| 100 1# - ASIENTO PRINCIPAL--NOMBRE PERSONAL | |
| Nombre personal | Pérez, Máximo |
| Término relacionador | Autor |
| 245 10 - TÍTULO | |
| Título | Curriculum vitae del doctor Emilio Antonio Núñez Castañeda |
| Mención de responsabilidad | / Dr. Máximo Pérez |
| 300 ## - DESCRIPCIÓN FÍSICA | |
| Extensión | Número 14-15 (Enero - Diciembre, 1994), páginas 13 - 42 |
| Dimensiones | ; 22 cm |
| 520 ## - NOTA DE RESUMEN, ETC. | |
| Nota de sumario, etc. | Emilio Antonio Núñez C., el ilustre pensador evangélico latinoamericano, ha sido una figura señera de la teología evangélica en América Latina. Investigador y escritor de gran profundidad, ha alcanzado renombre continental y mundial a través de sus luminosas obras teológicas. Poseedor de una vigorosa personalidad del mundo latinoamericano, ha sabido leer en las almas latinas sus intereses e inquietudes y ofrecer las pautas orientadoras a ellas. Ha sido un abanderado de la teología, un maestro forjador de un discipulado numero, inquieto, progresista y comprometido con Dios y con la Iglesia; pastor de un rebaño apacentado hacia la reflexión bíblica y práctica, cuya misión proyecta llama y calor; un verdadero discípulo del Señor Jesucristo, estudioso infatigable de la palabra revelada, cuya rectitud de su línea exegética ha hecho de él un baluarte inamovible en medio de tanta turbulencia teológica a través de los años. Su firmeza y fidelidad al Señor y a su Iglesia son inquebrantables. Tal es el fondo áureo del teólogo escritor, pastor y maestro, cuyo curriculum vitae se expone seguidamente. |
| 600 #0 - PUNTO DE ACCESO ADICIONAL DE MATERIA - NOMBRE DE PERSONA | |
| Nombre de persona | Núñez C, Emilio A, |
| Subdivisión de materia general | Biografía |
| 650 #0 - ASIENTO SECUNDARIO DE MATERIA - TERMINO TEMÁTICO | |
| 9 (RLIN) | 1238 |
| Término temático o nombre geográfico como elemento de entrada | Biografías cristianas |
| 690 ## - CAMPO LOCAL DE ACCESO TEMÁTICO | |
| Término temático o nombre geográfico como elemento de entrada | Teólogos |
| 773 0# - ASIENTO DE ITEM FUENTE | |
| Título | Kairós |
| Biblionumber | 49489 |
| Itemnumber | 61213 |
| Parte(s) relacionada(s) / Volumen., número. (mes año), páginas | Número 14-15 (Enero - Diciembre, 1994), páginas 13 - 42 |
| Enumeración y primera página | páginas 13 |
| 773 0# - ASIENTO DE ITEM FUENTE | |
| Biblionumber | 49489 |
| Itemnumber | 61204 |
| Parte(s) relacionada(s) / Volumen., número. (mes año), páginas | Número 14-15 (Enero - Diciembre, 1994), páginas 13 - 42 |
| Enumeración y primera página | páginas 13 |
| Título | Kairós |
| 942 ## - TIPO DE MATERIAL (KOHA) | |
| Tipo de Item KOHA | Artículos de Revista |
No hay ítems disponibles.
